Paroles : Le jour d'après - Chimène Badi - Statistiques

Statistiques générales
  • Ce quiz a été pris 7 fois
  • Le résultat moyen est 129 sur 158
Statistiques - réponses
Réponse % Correct
À
100%
Ce
100%
Changer
100%
D'après
100%
De
100%
Des
100%
Emportera
100%
Encore
100%
Est
100%
Il
100%
Jamais
100%
Jour
100%
La
100%
Le
100%
L'on
100%
Nature
100%
Ne
100%
Nos
100%
Notre
100%
Nous
100%
On
100%
100%
Pas
100%
Peut
100%
Que
100%
Se
100%
Si
100%
Survivons
100%
Temps
100%
Vienne
100%
Ancienne
80%
Avant
80%
Certains
80%
D'être
80%
Douceur
80%
Espéré
80%
Et
80%
Faire
80%
J'ai
80%
N'est
80%
N'était
80%
Plus
80%
Pouvait
80%
Prières
80%
Quand
80%
Qu'il
80%
Regrets
80%
Rêvé
80%
Savait
80%
Soirs
80%
Sommes
80%
Souvenir
80%
Tard
80%
Tout
80%
Trop
80%
Venge
80%
Vin
80%
Ballet
60%
Dans
60%
D'avant
60%
Devant
60%
Hier
60%
Indifférence
60%
L'essence
60%
L'instant
60%
Peut-être
60%
Planète
60%
Remords
60%
Surtout
60%
Tort
60%
Armures
40%
Cet
40%
D'avoir
40%
Eu
40%
Fête
40%
Foncer
40%
Juste
40%
Mur
40%
Noyer
40%
Portera
40%
Puis
40%
S'enfermer
40%
Terre
40%
Absurde
20%
Désormais
20%
Détourner
20%
Dévasté
20%
D'oublier
20%
Honteux
20%
Têtes
20%
Aucun quiz correspondant
Distribution des résultats
% des personnes avec chaque résultat
Percentile par nombre de réponses
Votre historique - résultats
Vous n’avez pas pris ce quiz